000 00547nam a2200097Ia 4500
005 20250424112904.0
008 250424s9999 xx 000 0 und d
300 _avi, 310 p. ; 25 cm.
650 _aEnglish language--Rhetoric--Computer-assisted instruction. English language--Rhetoric--Study and teaching. English language--Composition and exercises--Computer-assisted instruction. Report writing--Computer-assisted instruction. Electronic portfolios in education. Multimedia systems. Distance education--Computer-assisted instruction.
942 _cSR
999 _c37712
_d37712